[Event "Minsk op"]
[Site "Minsk"]
[Date "2023.11.09"]
[Round "7"]
[White "Khudovekov, Stanislav"]
[Black "Siniauski, Artsiom"]
[Result "1/2-1/2"]
[WhiteElo "1925"]
[BlackElo "2202"]
[PlyCount "116"]
[EventDate "2023.11.03"]
[EventType "swiss"]
[EventRounds "9"]
[EventCountry "BLR"]
[SourceTitle "CB46_2023"]
[SourceDate "2023.11.15"]
[SourceVersion "1"]
[SourceVersionDate "2023.11.15"]
[SourceQuality "1"]

1. e4 e6 2. d4 d5 3. Nc3 Nf6 4. Bg5 Bb4 5. e5 h6 6. Bd2 Bxc3 7. bxc3 Ne4 8. Bc1 c5 9. Ne2 f6 10. f3 Ng5 11. f4 Ne4 12. Ng3 0-0 13. Nxe4 dxe4 14. Be3 Nc6 15. g3 Qa5 16. d5 Rd8 17. Bd2 exd5 18. c4 Qa3 19. Bc1 Qa4 20. cxd5 Nd4 21. c4 Nf3+ 22. Ke2 Qxc4+ 23. Kf2 Qc3 24. Be3 Be6 25. Rc1 Qa5 26. Rxc5 Qxa2+ 27. Qe2 Bxd5 28. exf6 gxf6 29. Qxa2 Bxa2 30. Bh3 Rd3 31. Ra1 Bf7 32. Rxa7 Rxa7 33. Rc8+ Kg7 34. Bxa7 Kg6 35. Rc7 Rd2+ 36. Ke3 Rxh2 37. Bc8 b5 38. Kxe4 Nd2+ 39. Kd4 Ba2 40. g4 Bb1 41. Bd7 h5 42. Be8+ Kh6 43. Bxh5 Re2 44. Kc5 Bd3 45. Rd7 Bc4 46. Kb4 Ne4 47. Bd4 Ra2 48. Ra7 Rd2 49. Be3 Rb2+ 50. Ka5 Rb3 51. Bd4 Rd3 52. Bb2 Nd6 53. Re7 Bd5 54. Bxf6 Ra3+ 55. Kb4 Rb3+ 56. Kc5 Ne4+ 57. Kxd5 Nxf6+ 58. Kc5 Nxh5 1/2-1/2

[Event "Minsk op"]
[Site "Minsk"]
[Date "2023.11.04"]
[Round "2"]
[White "Makutin, Gleb"]
[Black "Khudovekov, Stanislav"]
[Result "0-1"]
[WhiteElo "1400"]
[BlackElo "1925"]
[PlyCount "78"]
[EventDate "2023.11.03"]
[EventType "swiss"]
[EventRounds "9"]
[EventCountry "BLR"]
[SourceTitle "CB46_2023"]
[SourceDate "2023.11.15"]
[SourceVersion "1"]
[SourceVersionDate "2023.11.15"]
[SourceQuality "1"]

1. e4 c6 2. d4 d5 3. exd5 cxd5 4. c4 g6 5. Nc3 Nf6 6. Qb3 Bg7 7. cxd5 0-0 8. Be2 Nbd7 9. Bf3 Nb6 10. a4 e6 11. Bg5 Nbxd5 12. Nxd5 exd5 13. Ne2 Qa5+ 14. Bd2 Qa6 15. 0-0 Ne4 16. Bb4 Rd8 17. Nc3 Nd2 18. Qc2 Nxf3+ 19. gxf3 Bh3 20. Rfd1 Qf6 21. Qd2 h6 22. f4 Bg4 23. Re1 Qxd4 24. Qxd4 Bxd4 25. Re7 b6 26. Rae1 a5 27. Nb5 Bf6 28. Nc7 axb4 29. Nxa8 Bxe7 30. Nxb6 Bc5 31. a5 Bxb6 32. axb6 Rb8 33. Re5 Be6 34. f5 gxf5 35. f4 Rxb6 36. Kf2 b3 37. Re3 d4 38. Rd3 Rb4 39. Rd2 Bd5 0-1

[Event "Pardubice Czech op-C 30th"]
[Site "Pardubice"]
[Date "2019.07.21"]
[Round "2"]
[White "Milchenko, Valerii"]
[Black "Khudovekov, Stanislav"]
[Result "0-1"]
[WhiteElo "1728"]
[BlackElo "2027"]
[PlyCount "54"]
[EventDate "2019.07.20"]
[EventType "swiss"]
[EventRounds "9"]
[EventCountry "CZE"]
[SourceTitle "EXT 2020"]
[Source "ChessBase"]
[SourceDate "2019.10.17"]
[SourceVersion "1"]
[SourceVersionDate "2019.10.17"]
[SourceQuality "1"]

1. d4 g6 2. e4 Bg7 3. c3 d5 4. e5 c5 5. Bb5+ Nc6 6. Nf3 Bg4 7. h3 Bxf3 8. Qxf3 Qb6 9. Bxc6+ bxc6 10. Qe3 cxd4 11. cxd4 Nh6 12. g4 0-0 13. Nc3 f6 14. exf6 exf6 15. 0-0 f5 16. Qe6+ Kh8 17. g5 Nf7 18. a4 Rae8 19. Qd7 Rd8 20. a5 Qxd4 21. Qxc6 Qh4 22. Ra4 Qxh3 23. Re1 Ne5 24. Rxe5 Bxe5 25. f4 Qg3+ 26. Kf1 Qd3+ 27. Ne2 Rc8 0-1

[Event "Groningen op-B 55th"]
[Site "Groningen"]
[Date "2017.12.22"]
[Round "1"]
[White "Khudovekov, Stanislav"]
[Black "Dekker, Jasper"]
[Result "1/2-1/2"]
[WhiteElo "2084"]
[BlackElo "1700"]
[PlyCount "77"]
[EventDate "2017.12.22"]
[EventType "swiss"]
[EventRounds "9"]
[EventCountry "NED"]
[SourceTitle "CBM 182 Extra"]
[Source "ChessBase"]
[SourceDate "2018.02.23"]
[SourceVersion "1"]
[SourceVersionDate "2018.02.23"]
[SourceQuality "1"]

1. c4 Nf6 2. g3 g6 3. Bg2 Bg7 4. Nc3 0-0 5. e4 d6 6. Nge2 Nc6 7. 0-0 a6 8. d3 Rb8 9. a4 Bd7 10. h3 e5 11. Nd5 Nxd5 12. cxd5 Nb4 13. Qb3 c5 14. f4 b5 15. a5 Qe7 16. f5 Rfc8 17. Bd2 gxf5 18. exf5 f6 19. g4 Kh8 20. Ng3 Be8 21. Rac1 Bf7 22. Bxb4 cxb4 23. Qxb4 Bh6 24. Rc6 Rxc6 25. dxc6 Be3+ 26. Kh1 Bc5 27. Qc3 d5 28. Rc1 Bd6 29. Qb3 e4 30. d4 Bc7 31. Nf1 Qd6 32. Qc3 Re8 33. Qe3 Bxa5 34. Qg3 Qxg3 35. Nxg3 Bc7 36. Ne2 b4 37. Kg1 Kg7 38. Kf2 Rc8 39. Ke3 1/2-1/2

[Event "Heusenstamm Sparkassen op-A 3rd"]
[Site "Heusenstamm"]
[Date "2016.11.24"]
[Round "1"]
[White "Schubert, Wolfgang"]
[Black "Khudovekov, Stanislav"]
[Result "0-1"]
[WhiteElo "1845"]
[BlackElo "2104"]
[PlyCount "56"]
[EventDate "2016.11.24"]
[EventType "swiss"]
[EventRounds "7"]
[EventCountry "GER"]
[SourceTitle "EXT 2018"]
[Source "ChessBase"]
[SourceDate "2017.10.13"]
[SourceVersion "1"]
[SourceVersionDate "2017.10.13"]
[SourceQuality "1"]

1. e4 Nc6 2. d4 d6 3. Bb5 a6 4. Be2 Nf6 5. Bf3 g6 6. Ne2 Bg7 7. 0-0 0-0 8. Re1 e5 9. c3 h6 10. Ng3 Nh7 11. dxe5 dxe5 12. Be3 Qe7 13. Nd2 Be6 14. Qc2 f5 15. exf5 gxf5 16. b4 Qf7 17. Bxc6 bxc6 18. Bc5 Rfe8 19. f3 Nf8 20. Nb3 h5 21. Na5 h4 22. Nf1 Nd7 23. Bf2 h3 24. Nd2 hxg2 25. Kxg2 e4 26. Bd4 exf3+ 27. Kf2 Qh5 28. Rg1 Qxh2+ 0-1

[Event "Hessen-ch op-A"]
[Site "Floersheim"]
[Date "2016.05.05"]
[Round "2"]
[White "Khudovekov, Stanislav"]
[Black "Schwarz, Hans"]
[Result "1-0"]
[WhiteElo "2133"]
[BlackElo "1949"]
[PlyCount "95"]
[EventDate "2016.05.05"]
[EventType "swiss"]
[EventRounds "7"]
[EventCountry "GER"]
[SourceTitle "EXT 2022"]
[Source "ChessBase"]
[SourceDate "2021.10.06"]
[SourceVersion "1"]
[SourceVersionDate "2021.10.06"]
[SourceQuality "1"]

1. c4 e6 2. g3 f5 3. Bg2 Nf6 4. Nf3 d5 5. 0-0 c6 6. d3 Bd6 7. Nc3 0-0 8. e4 Bc7 9. cxd5 exd5 10. e5 Nfd7 11. d4 b5 12. Re1 Nb6 13. h4 Qe8 14. Ne2 h6 15. Nf4 Be6 16. b3 a5 17. Qc2 Na6 18. Bd2 Nc8 19. Rac1 Na7 20. Nh2 Rc8 21. Qb2 b4 22. Bf1 Nb8 23. a3 Qe7 24. axb4 axb4 25. Ng6 Qe8 26. Nxf8 Qxf8 27. f4 Qe7 28. Nf3 Bb6 29. Rc2 Qb7 30. Rec1 Bd8 31. Qa2 Qb6 32. Kg2 Be7 33. Ra1 Rc7 34. Qa5 Qb7 35. Be3 Bd8 36. Ra4 Rd7 37. Qxb4 Nb5 38. Ra1 Be7 39. Qa4 Rd8 40. Bxb5 cxb5 41. Qa7 Qxa7 42. Rxa7 Kf8 43. Rcc7 Bd7 44. e6 Bd6 45. Rxd7 Nxd7 46. Rxd7 Rxd7 47. exd7 Ke7 48. Ne5 1-0

[Event "Goch op 26th"]
[Site "Goch"]
[Date "2015.09.06"]
[Round "7"]
[White "Khudovekov, Stanislav"]
[Black "Gorzinski, Dariusz"]
[Result "0-1"]
[WhiteElo "2134"]
[BlackElo "2047"]
[PlyCount "78"]
[EventDate "2015.09.03"]
[EventType "swiss"]
[EventRounds "7"]
[EventCountry "GER"]
[SourceTitle "EXT 2018"]
[Source "ChessBase"]
[SourceDate "2017.10.13"]
[SourceVersion "1"]
[SourceVersionDate "2017.10.13"]
[SourceQuality "1"]

1. c4 c6 2. Nf3 Nf6 3. g3 d5 4. Bg2 dxc4 5. 0-0 Nbd7 6. a4 a5 7. Na3 Nb6 8. Qc2 Be6 9. Ng5 Qd7 10. e4 h6 11. Nxe6 Qxe6 12. f4 Qd7 13. Nxc4 Nxc4 14. Qxc4 Rd8 15. Rd1 h5 16. d4 h4 17. f5 hxg3 18. hxg3 e5 19. Bg5 Be7 20. dxe5 Qxd1+ 21. Rxd1 Rxd1+ 22. Bf1 Ng4 23. f6 gxf6 24. exf6 Rh2 25. fxe7 Rf2 26. Bf4 Rdxf1+ 27. Qxf1 Rxf1+ 28. Kxf1 Nf6 29. e5 Nd5 30. Ke2 Kxe7 31. Kd3 Ke6 32. Ke4 Nb6 33. b3 Nd7 34. Kd4 Kf5 35. Bd2 b6 36. b4 axb4 37. Kc4 c5 38. Bf4 Nxe5+ 39. Kd5 Nd3 0-1

[Event "Goch op 26th"]
[Site "Goch"]
[Date "2015.09.06"]
[Round "6"]
[White "Vangsgaard, Freja"]
[Black "Khudovekov, Stanislav"]
[Result "0-1"]
[WhiteElo "1957"]
[BlackElo "2134"]
[PlyCount "121"]
[EventDate "2015.09.03"]
[EventType "swiss"]
[EventRounds "7"]
[EventCountry "GER"]
[SourceTitle "EXT 2018"]
[Source "ChessBase"]
[SourceDate "2017.10.13"]
[SourceVersion "1"]
[SourceVersionDate "2017.10.13"]
[SourceQuality "1"]

1. d4 e6 2. c4 f5 3. Nc3 Nf6 4. e3 d5 5. Nf3 c6 6. Be2 Bd6 7. Ne5 0-0 8. 0-0 Ne4 9. f3 Nxc3 10. bxc3 Qa5 11. f4 b5 12. cxd5 cxd5 13. Bd2 Bxe5 14. dxe5 Qc7 15. Bxb5 Nd7 16. Qe2 a6 17. Bd3 Nc5 18. Rfc1 Nxd3 19. Qxd3 a5 20. Qd4 Ba6 21. Rcb1 Rfb8 22. Bc1 Bc4 23. Ba3 Rxb1+ 24. Rxb1 Rb8 25. Rxb8+ Qxb8 26. Qd2 Qb1+ 27. Qc1 Qd3 28. Bc5 Bxa2 29. Qb2 Qb1+ 30. Qxb1 Bxb1 31. Kf2 Bd3 32. Ke1 Kf7 33. Kd2 Bf1 34. g3 Kg6 35. Bf8 Bc4 36. Ke1 Kf7 37. Bc5 g6 38. Kd2 Ke8 39. Kc2 Kd7 40. Kb2 Kc6 41. Bd6 Kb5 42. Kc2 Bf1 43. Be7 Kc4 44. Bd6 Bd3+ 45. Kb2 Be4 46. Be7 Kd3 47. Bc5 Kd2 48. Bd4 Bd3 49. Bc5 Bb5 50. Kb3 Ke2 51. Kc2 Bc4 52. Kc1 a4 53. Kc2 Bd3+ 54. Kb2 Kf3 55. Kc1 Kg2 56. Kd2 Kxh2 57. Kxd3 Kxg3 58. c4 dxc4+ 59. Kxc4 h5 60. Bb4 h4 61. Be1+ 0-1

[Event "Goch op 26th"]
[Site "Goch"]
[Date "2015.09.04"]
[Round "2"]
[White "Flegar, Vlado"]
[Black "Khudovekov, Stanislav"]
[Result "0-1"]
[WhiteElo "1769"]
[BlackElo "2134"]
[PlyCount "60"]
[EventDate "2015.09.03"]
[EventType "swiss"]
[EventRounds "7"]
[EventCountry "GER"]
[SourceTitle "EXT 2018"]
[Source "ChessBase"]
[SourceDate "2017.10.13"]
[SourceVersion "1"]
[SourceVersionDate "2017.10.13"]
[SourceQuality "1"]

1. d3 d5 2. e3 g6 3. Nd2 c5 4. Ne2 Bg7 5. c3 Nc6 6. h3 e5 7. Nb3 b6 8. g3 Be6 9. Bg2 Qd7 10. Qc2 Nge7 11. Bd2 c4 12. Nbc1 0-0 13. d4 b5 14. a3 Rab8 15. dxe5 Nxe5 16. Nd4 N5c6 17. Nxe6 fxe6 18. 0-0 e5 19. Ne2 e4 20. Rad1 Ne5 21. Nc1 Nf3+ 22. Bxf3 Rxf3 23. Kg2 Rbf8 24. Ne2 Qf5 25. Nf4 g5 26. g4 Qf7 27. b3 gxf4 28. bxc4 fxe3 29. Bxe3 bxc4 30. Bxa7 Rxc3 0-1

[Event "Weiz op 13th"]
[Site "Weiz"]
[Date "2014.06.27"]
[Round "2"]
[White "Khudovekov, Stanislav"]
[Black "Hresc, Vladimir"]
[Result "0-1"]
[WhiteElo "2066"]
[BlackElo "2419"]
[PlyCount "95"]
[EventDate "2014.06.26"]
[EventType "swiss"]
[EventRounds "5"]
[EventCountry "AUT"]
[SourceTitle "EXT 2024"]
[Source "ChessBase"]
[SourceDate "2023.10.10"]
[SourceVersion "1"]
[SourceVersionDate "2023.10.10"]
[SourceQuality "1"]

1. d4 Nf6 2. c4 g6 3. Nc3 Bg7 4. Nf3 d5 5. Bf4 0-0 6. e3 c5 7. dxc5 Qa5 8. Rc1 Rd8 9. Be2 Nc6 10. 0-0 dxc4 11. Qa4 Qxc5 12. Qxc4 Qxc4 13. Bxc4 Bd7 14. h3 Rac8 15. Ng5 Be8 16. Nf3 a6 17. a3 b5 18. Be2 Na5 19. Rfd1 Nb3 20. Rxd8 Rxd8 21. Rd1 Rc8 22. Ne5 h6 23. Bf3 Na5 24. g4 Bf8 25. Rd3 Kg7 26. b4 Nc6 27. Ne2 Nxe5 28. Bxe5 Bc6 29. Bxc6 Rxc6 30. Nd4 Rc8 31. Nb3 Kg8 32. Nc5 a5 33. Bxf6 exf6 34. Rd5 Bxc5 35. bxc5 Rc6 36. Rd8+ Kg7 37. Ra8 a4 38. Rb8 Rxc5 39. Kg2 f5 40. Rb6 fxg4 41. hxg4 h5 42. Kh3 Kh6 43. Kg3 f5 44. Rb8 Kg5 45. Rb6 Kh6 46. Rb8 Kg5 47. Rb6 Rd5 48. Rb8 0-1

[Event "Giovanni Pico Cup 7th"]
[Site "Mirandola"]
[Date "2014.01.11"]
[Round "2"]
[White "Khudovekov, Stanislav"]
[Black "Garofalo, Sergio"]
[Result "1-0"]
[WhiteElo "2036"]
[BlackElo "1789"]
[PlyCount "37"]
[EventDate "2014.01.10"]
[EventType "swiss"]
[EventRounds "5"]
[EventCountry "ITA"]
[SourceTitle "EXT 2015"]
[Source "ChessBase"]
[SourceDate "2014.11.20"]
[SourceVersion "1"]
[SourceVersionDate "2014.11.20"]
[SourceQuality "1"]

1. c4 f5 2. g3 Nf6 3. Bg2 e6 4. Nf3 Be7 5. 0-0 0-0 6. Nc3 d6 7. b4 c6 8. d3 Qe8 9. Rb1 Qh5 10. b5 e5 11. c5 f4 12. bxc6 bxc6 13. cxd6 Bxd6 14. Ba3 c5 15. Ne4 fxg3 16. fxg3 Ng4 17. Qb3+ Kh8 18. Nxd6 Rxf3 19. Rxf3 1-0

[Event "Blankenburg op-A 18th"]
[Site "Blankenburg"]
[Date "2013.10.03"]
[Round "2"]
[White "Khudovekov, Stanislav"]
[Black "Paul, Johannes"]
[Result "0-1"]
[WhiteElo "2048"]
[BlackElo "2238"]
[PlyCount "80"]
[EventDate "2013.10.03"]
[EventType "swiss"]
[EventRounds "7"]
[EventCountry "GER"]
[SourceTitle "EXT 2015"]
[Source "ChessBase"]
[SourceDate "2014.11.20"]
[SourceVersion "1"]
[SourceVersionDate "2014.11.20"]
[SourceQuality "1"]

1. Nf3 Nf6 2. g3 b6 3. Bg2 Bb7 4. 0-0 e6 5. c4 c5 6. b3 Be7 7. Bb2 0-0 8. Nc3 d5 9. e3 Nbd7 10. cxd5 exd5 11. d4 Re8 12. Qd2 Ne4 13. Qe2 Bf6 14. Rfd1 Qe7 15. Rac1 Rad8 16. dxc5 Ndxc5 17. b4 Bxc3 18. Bxc3 Nxc3 19. Rxc3 Ne4 20. Rb3 Rc8 21. Qb2 Rc4 22. Bf1 Rec8 23. Nd4 R4c7 24. Bh3 Re8 25. Rc1 Rc4 26. b5 Qc5 27. Rd1 Nc3 28. Ra1 Qc7 29. Bf1 Rc5 30. a4 Ne4 31. a5 bxa5 32. Rba3 Nd6 33. Rxa5 Nc4 34. Bxc4 dxc4 35. Rxa7 c3 36. Qb3 Qb6 37. R7a3 Rec8 38. Rc1 Qg6 39. Qc2 Qh5 40. Qd3 Qxh2+ 0-1

[Event "Kaunas GP op"]
[Site "Kaunas"]
[Date "2013.09.14"]
[Round "2"]
[White "Khudovekov, Stanislav"]
[Black "Barsciauskas, Gintautas"]
[Result "1-0"]
[WhiteElo "2027"]
[BlackElo "1788"]
[PlyCount "67"]
[EventDate "2013.09.13"]
[EventType "swiss"]
[EventRounds "5"]
[EventCountry "LTU"]
[SourceTitle "EXT 2024"]
[Source "ChessBase"]
[SourceDate "2023.10.10"]
[SourceVersion "1"]
[SourceVersionDate "2023.10.10"]
[SourceQuality "1"]

1. Nf3 d6 2. d4 Bg4 3. c4 Nd7 4. Qb3 Rb8 5. h3 Bh5 6. e4 Bg6 7. e5 e6 8. Be3 c5 9. Nc3 a6 10. exd6 Bxd6 11. Rd1 Qc7 12. d5 e5 13. Be2 Ngf6 14. 0-0 0-0 15. Nh4 Rfe8 16. Nxg6 hxg6 17. Qc2 Nf8 18. g4 N8h7 19. Kg2 Qe7 20. Na4 Qc7 21. b4 b6 22. bxc5 bxc5 23. Rb1 Nd7 24. Bd3 Nhf8 25. f3 Rxb1 26. Rxb1 Rb8 27. Rb3 Rxb3 28. axb3 Qb8 29. Bd2 Qb7 30. Qa2 f6 31. Nc3 Kf7 32. Qa3 Bb8 33. Ne4 Ba7 34. Nd6+ 1-0

[Event "Klaipeda Sea op-A 10th"]
[Site "Klaipeda"]
[Date "2013.07.23"]
[Round "2"]
[White "Khudovekov, Stanislav"]
[Black "Buivydas, Skirmantas"]
[Result "1-0"]
[WhiteElo "2054"]
[BlackElo "1802"]
[PlyCount "113"]
[EventDate "2013.07.22"]
[EventType "swiss"]
[EventRounds "7"]
[EventCountry "LTU"]
[SourceTitle "CBM 155 Extra"]
[Source "ChessBase"]
[SourceDate "2013.08.26"]
[SourceVersion "1"]
[SourceVersionDate "2013.08.26"]
[SourceQuality "1"]

1. c4 e5 2. g3 Nf6 3. Bg2 g6 4. Nc3 Bg7 5. e4 0-0 6. Nge2 d6 7. 0-0 c6 8. h3 Nh5 9. d3 Nd7 10. Be3 Qe8 11. Qd2 Nc5 12. f4 Ne6 13. f5 Nd4 14. g4 Nxe2+ 15. Nxe2 Nf6 16. g5 Nd7 17. f6 Bh8 18. b4 Qd8 19. Ng3 Re8 20. d4 exd4 21. Qxd4 Ne5 22. Bf4 h6 23. h4 Bg4 24. Rf2 a5 25. b5 cxb5 26. cxb5 a4 27. Rd2 Qa5 28. Rb1 Rac8 29. b6 hxg5 30. hxg5 Rc6 31. Qb4 Rc1+ 32. Nf1 Qc5+ 33. Qxc5 Rxc5 34. Rxd6 Nf3+ 35. Kf2 Nxg5 36. e5 Ne6 37. Bg3 Rc2+ 38. Rd2 Rxd2+ 39. Nxd2 Nc5 40. Nc4 Bf5 41. Rd1 Be4 42. Nd6 Rd8 43. Rd4 Bxg2 44. Kxg2 Rd7 45. Rc4 Na6 46. Rxa4 Nc5 47. Ra7 Kh7 48. a4 Rd8 49. Nxb7 Rd2+ 50. Kh3 Ne4 51. Nd6 Ng5+ 52. Kg4 Kh6 53. Nxf7+ Nxf7 54. Rxf7 Rd4+ 55. Kh3 Rxa4 56. b7 Rb4 57. e6 1-0

[Event "Plateliai op 23rd"]
[Site "Plateliai"]
[Date "2013.07.20"]
[Round "8"]
[White "Rimeikis, Andrius"]
[Black "Khudovekov, Stanislav"]
[Result "1-0"]
[WhiteElo "2131"]
[BlackElo "2054"]
[PlyCount "91"]
[EventDate "2013.07.15"]
[EventType "swiss"]
[EventRounds "9"]
[EventCountry "LTU"]
[SourceTitle "EXT 2014"]
[Source "ChessBase"]
[SourceDate "2013.11.20"]
[SourceVersion "1"]
[SourceVersionDate "2013.11.20"]
[SourceQuality "1"]

1. e4 g6 2. d4 Bg7 3. Nf3 d6 4. Nc3 a6 5. a4 b6 6. Bc4 e6 7. 0-0 Ne7 8. Bf4 h6 9. h3 Bb7 10. Qe2 Nd7 11. Rfe1 g5 12. Bg3 Ng6 13. e5 d5 14. Bd3 0-0 15. Nd1 c5 16. c3 c4 17. Bc2 b5 18. Nh2 Bc6 19. axb5 axb5 20. Rxa8 Bxa8 21. Qg4 Qe7 22. Nf3 Re8 23. Qh5 Ngf8 24. h4 f6 25. hxg5 fxg5 26. Ne3 Qf7 27. Qh2 Ng6 28. Ng4 Nh4 29. Bxh4 gxh4 30. Nxh4 Nf8 31. Nf3 Bc6 32. Ra1 Rb8 33. Nxh6+ Bxh6 34. Qxh6 b4 35. Qe3 Be8 36. g3 b3 37. Qg5+ Kh8 38. Qh6+ Kg8 39. Bd1 Rb7 40. Kg2 Ng6 41. Nh4 Nxh4+ 42. Qxh4 Qf8 43. Qg4+ Rg7 44. Qxe6+ Bf7 45. Qf5 Qe8 46. Ra6 1-0

[Event "Plateliai op 23rd"]
[Site "Plateliai"]
[Date "2013.07.16"]
[Round "3"]
[White "Jurcius, Mantas"]
[Black "Khudovekov, Stanislav"]
[Result "0-1"]
[WhiteElo "1697"]
[BlackElo "2054"]
[PlyCount "68"]
[EventDate "2013.07.15"]
[EventType "swiss"]
[EventRounds "9"]
[EventCountry "LTU"]
[SourceTitle "EXT 2014"]
[Source "ChessBase"]
[SourceDate "2013.11.20"]
[SourceVersion "1"]
[SourceVersionDate "2013.11.20"]
[SourceQuality "1"]

1. e4 Nc6 2. Nf3 d6 3. d4 Nf6 4. Nc3 g6 5. Bc4 Bg7 6. 0-0 0-0 7. Be3 Ng4 8. Bg5 h6 9. Bh4 g5 10. Bg3 e5 11. dxe5 Ngxe5 12. Nxe5 Nxe5 13. Bd5 Ng6 14. f4 gxf4 15. Bxf4 Nxf4 16. Rxf4 Be5 17. Rf1 Qh4 18. g3 Qg5 19. Qe2 c6 20. Bc4 b5 21. Bb3 Bh3 22. Rfe1 Kh8 23. Kh1 f5 24. exf5 Bxf5 25. Ne4 Qg6 26. Nf2 Rae8 27. Qd2 Bxb2 28. Rxe8 Rxe8 29. Rd1 Be5 30. Nd3 Be4+ 31. Kg1 Bxg3 32. hxg3 Qxg3+ 33. Kf1 Rf8+ 34. Nf2 Qg2+ 0-1

[Event "Bergen NGP op"]
[Site "Bergen"]
[Date "2013.05.31"]
[Round "4"]
[White "Khudovekov, Stanislav"]
[Black "Stokke, Kjetil"]
[Result "0-1"]
[WhiteElo "2054"]
[BlackElo "2347"]
[PlyCount "58"]
[EventDate "2013.05.31"]
[EventType "swiss"]
[EventRounds "5"]
[EventCountry "NOR"]
[SourceTitle "CBM 154 Extra"]
[Source "ChessBase"]
[SourceDate "2013.06.25"]
[SourceVersion "2"]
[SourceVersionDate "2013.06.25"]
[SourceQuality "1"]

1. e4 c5 2. Nc3 Nc6 3. Bb5 Nd4 4. Bc4 e6 5. d3 Nf6 6. Nge2 a6 7. 0-0 b5 8. Bb3 Nxb3 9. axb3 Bb7 10. f4 d5 11. e5 d4 12. exf6 dxc3 13. Nxc3 gxf6 14. Rf2 f5 15. Qh5 Qf6 16. Ne2 Rg8 17. Bd2 Qxb2 18. Bc3 Qxc2 19. Be5 h6 20. Qh3 Qxb3 21. Nc3 c4 22. Qe3 Qb4 23. Qb6 Rxg2+ 24. Kh1 Rxf2+ 25. Qxb7 Rd8 26. Rxa6 Qe7 27. Qxb5+ Qd7 28. Qb6 Rc8 29. Qxf2 Qb7+ 0-1

[Event "Bergen NGP op"]
[Site "Bergen"]
[Date "2013.05.31"]
[Round "5"]
[White "Strand, Oyvin"]
[Black "Khudovekov, Stanislav"]
[Result "1-0"]
[WhiteElo "1811"]
[BlackElo "2054"]
[PlyCount "103"]
[EventDate "2013.05.31"]
[EventType "swiss"]
[EventRounds "5"]
[EventCountry "NOR"]
[SourceTitle "CBM 154 Extra"]
[Source "ChessBase"]
[SourceDate "2013.06.25"]
[SourceVersion "2"]
[SourceVersionDate "2013.06.25"]
[SourceQuality "1"]

1. d4 f5 2. Nf3 Nf6 3. g3 g6 4. Bg2 Bg7 5. c4 d6 6. Nc3 0-0 7. 0-0 Nc6 8. a3 e5 9. d5 Ne7 10. e4 fxe4 11. Ng5 Nf5 12. Ngxe4 Nxe4 13. Nxe4 h6 14. b4 Bd7 15. Bb2 Qe7 16. Qd3 Nd4 17. Bxd4 exd4 18. c5 dxc5 19. Nxc5 Bf5 20. Qc4 Kh8 21. Rae1 Qf7 22. Ne6 Bxe6 23. dxe6 Qe7 24. Bxb7 Rad8 25. Bc6 Rd6 26. Bd7 Rf3 27. Qxc7 Bf6 28. Qxa7 Kg7 29. b5 Rb3 30. a4 d3 31. Qb8 d2 32. Rd1 h5 33. a5 h4 34. a6 Rxa6 35. Rxd2 hxg3 36. hxg3 Qc5 37. Qf4 Ra8 38. Bc6 Ra7 39. Qd6 Qg5 40. Kg2 Be5 41. Qd3 Rxd3 42. Rxd3 Ra2 43. e7 Bxg3 44. e8N+ Kf7 45. Rxg3 Qc5 46. Rf3+ Kg8 47. Nf6+ Kg7 48. Ne4 Qd4 49. Rh1 Re2 50. Rh4 Ra2 51. Rf7+ Kg8 52. Nf6+ 1-0

[Event "Ceriano Laghetto op 22nd"]
[Site "Ceriano Laghetto"]
[Date "2013.03.01"]
[Round "1"]
[White "Khudovekov, Stanislav"]
[Black "Angelini, Marco"]
[Result "0-1"]
[WhiteElo "2095"]
[BlackElo "2251"]
[PlyCount "84"]
[EventDate "2013.03.01"]
[EventType "swiss"]
[EventRounds "5"]
[EventCountry "ITA"]
[SourceTitle "EXT 2014"]
[Source "ChessBase"]
[SourceDate "2013.11.20"]
[SourceVersion "1"]
[SourceVersionDate "2013.11.20"]
[SourceQuality "1"]

1. Nf3 Nf6 2. g3 e6 3. Bg2 Be7 4. 0-0 0-0 5. d3 c5 6. e4 d6 7. Qe2 Nc6 8. c3 Rb8 9. d4 cxd4 10. cxd4 d5 11. e5 Nd7 12. Rd1 b5 13. b3 Qb6 14. h4 Re8 15. Na3 a5 16. Bf1 Ba6 17. Nc2 Ra8 18. Bh3 b4 19. Qe3 Rec8 20. Nce1 Bb5 21. Qf4 a4 22. Be3 axb3 23. axb3 Ra3 24. Rab1 Na5 25. Ng5 Bxg5 26. Qxg5 Rxb3 27. Rxb3 Nxb3 28. Rb1 Bc4 29. Qe7 Nf8 30. Nf3 Rc7 31. Qg5 Ra7 32. h5 h6 33. Qg4 Kh7 34. Nh2 Ra1 35. Rxa1 Nxa1 36. Qd1 Nb3 37. Bf1 Na5 38. Bd3+ Bxd3 39. Qxd3+ Kg8 40. Ng4 b3 41. Qb1 Qc7 42. Bd2 Qc2 0-1